000
00306nam a2200133Ia 4500
008
191201s2012 xx 000 0 und d
100
_a
SHARMA,Sanjay
245
0
_a
Signals and Systems
250
_a
Rev
260
_a
N. Delhi
_b
S.K.Kataria
_c
2012
300
_a
874
650
_a
B.Tech(ECE)
942
_2
ddc
_c
BK
999
_c
122
_d
122